000 01469nam0a2200289 4500
001 RU\NLR\BIBL_A\011202091
005 20250625215216.0
010 _a978-5-600-00065-0
_9110
035 _a(NLR Aleph) 011202091
090 _a11928581
_c11928581
100 _a20160829d2014 |||y0rusy50 ca
101 0 _arus
102 _aRU
105 _aacbhz 100yy
200 1 _aЧетвёртые Псковские региональные краеведческие чтения, Псков, 9-11 октября 2013 года
210 _aПсков
_aМосква
_c[б. и.]
_d2014
215 _a510, [1] с.
_cил., портр., карт., факс.
_d20
300 _aВ надзаг.: Союз краеведов России, Псковское региональное отделение
320 _aБиблиогр. в конце ст. и в подстроч. примеч.
606 1 _aКраеведение историческое
_jСъезды, совещания и т.п
_yПсковская область
_92303242
_3RU\NLR\AUTH\661378828
607 _aПсковская область
_jСъезды, совещания и т.п
_xИстория
_92177451
_3RU\NLR\AUTH\661309584
686 1 _aТ3(2Р-4Пс)я431
710 1 2 _aПсковские региональные краеведческие чтения
_d4
_f2013
_9530077
_3RU\NLR\AUTH\880432850
942 _cBOOK
980 _aNB